Mĩ thuật 4 Sách giáo viên
Đã lưu trong:
| Príomhúdar: | |
|---|---|
| Údair Eile: | |
| Formáid: | Leabhar |
| Teanga: | Undetermined |
| Foilsithe: |
H.
Giáo dục
2008
|
| Ábhair: | |
| Rochtain Ar Líne: | http://lrc.tdmu.edu.vn/opac/search/detail.asp?aID=2&ID=4539 |
| Clibeanna: |
Cuir Clib Leis
Gan Chlibeanna, Bí ar an gcéad duine leis an taifead seo a chlibeáil!
|
| Thư viện lưu trữ: | Trung tâm Học liệu Trường Đại học Thủ Dầu Một |
|---|
| LEADER | 00703nam a2200217Ia 4500 | ||
|---|---|---|---|
| 001 | TDMU_4539 | ||
| 008 | 210410s9999 xx 000 0 und d | ||
| 082 | |a 372.5072 | ||
| 090 | |b NG525 | ||
| 100 | |a Nguyễn, Quốc Toản | ||
| 245 | 0 | |a Mĩ thuật 4 | |
| 245 | 0 | |b Sách giáo viên | |
| 245 | 0 | |c Nguyễn Quốc Toản | |
| 260 | |a H. | ||
| 260 | |b Giáo dục | ||
| 260 | |c 2008 | ||
| 300 | |a 120tr | ||
| 650 | |a Mĩ thuật |x Giảng dạy và học tập; Sách giáo viên lớp 4 | ||
| 700 | |a Nguyễn, Hữu Hạnh | ||
| 856 | |u http://lrc.tdmu.edu.vn/opac/search/detail.asp?aID=2&ID=4539 | ||
| 980 | |a Trung tâm Học liệu Trường Đại học Thủ Dầu Một | ||